000 00492nam a2200133 4500
999 _c14157
_d14157
008 190903b ||||| |||| 00| 0 eng d
050 _aDPer 050 T48 Apr-June 2016 v. 187 n. 12-24
100 _939281
_aLeftly, Mark.
245 _aCitizen Khan:
_bLondon's first Muslim mayor aims to be an "antidote" to Islamic extremism/
_cMark Leftly.
260 _aHong Kong:
_bTime Asia,
_cc2016.
300 _aV187 n19, pages 18-21:
_billustrations;
_c27 cm.
650 _aPolitics.
_939694
942 _2ddc
_cPER